000 00530nam a22001817a 4500
005 20260226160445.0
008 260226b |||||||| |||| 00| 0 eng d
020 _a978-1477508992
050 _aTK 7895 .E42 V35 2019 V1
_b1
100 _aVALVANO,JONATHAN W.
245 _aINTRODUCTION TO ARM CORTEX TM-M MICROCONTROLLERS
250 _a5TH EDITION
260 _aTEXAS,
_bTRADEMARKS,
_c2019
300 _aXii,495P;ILL
500 _aINCLUDES,BIBLOGRAPHIC REFERENCES AND INDEX
650 _aEMBEDDED SYSTEMS
942 _2lcc
_cBK
999 _c216717
_d216717